000 00574nam a22002297a 4500
003 UA-OsUOA
001 92803
007 ta
008 20121226b un ||||| |||| 00| 0 ukr d
100 _aАбу-Бакар А.
090 _a821.351.22
_bА17
942 _cBK
040 _aUA-OsUOA
_brus
_cUA-OsUOA
_dUA-OsUOA
245 _aПовести
300 _a488 с.
955 _a3
041 _arus
080 _a821.351.22
260 _aМ.
_bИзвестия
_c1968
650 7 _a82 Література. Літературознавство
_2UDC
999 _c379268
_d379268